Handbog og specialkatalog over Danmarks stalstukne frimaerker. 1933-1970 Bind I. (Record no. 2005)

000 -LEADER
fixed length control field 00631nam a22000977a 4500
008 - FIXED-LENGTH DATA ELEMENTS--GENERAL INFORMATION
fixed length control field 160514b xxu||||| |||| 00| 0 eng d
100 ## - MAIN ENTRY--AUTHOR'S NAME
Author's Name Tanggard, J.E.
245 ## - TITLE STATEMENT
Title Handbog og specialkatalog over Danmarks stalstukne frimaerker. 1933-1970 Bind I.
260 ## - PUBLICATION, DISTRIBUTION, ETC. (IMPRINT)
Place of publication, distribution, etc. Horsens, [Danmark]
Name of publisher, distributor, etc. Forlag ved Tom Plovst (Aarhus, [Danmark] Tryk Hanbergs Bogtrykkeri),
Date of publication, distribution, etc. 1970
650 ## - TOPICAL TERM (Tag)
Topical term or geographic name Denmark | 1933-1970 | Plate Blocks and Numbers | Catalogs and Price Lists | Collecting | Guides and Handbooks | Production | Errors and Varieties | Plates and Plating | Printing | Paper | Luminescent and Tagged Issues | Essays and Proofs | Postal Rates | Bibliographies
Holdings
Withdrawn status Lost status Source of classification or shelving scheme Damaged status Koha normalized classification for sorting Not for loan Permanent Location Current Location Date acquired Total Checkouts Full call number Barcode Date last seen Price effective from
        G6920 A1 H236   Northern Philatelic Library Northern Philatelic Library 05/14/2016   G6920 A1 H236 1002331 05/14/2016 05/14/2016

Powered by Koha